| 000 | 00800nam a2200229 i 4500 | ||
|---|---|---|---|
| 001 | 100159 | ||
| 003 | ES-MaACL | ||
| 005 | 20230906182622.0 | ||
| 007 | t| | ||
| 008 | 050922s1972 sp a |||| | spa d | ||
| 080 | _a821.134.2-1/32"19" | ||
| 100 | 1 |
_aMartínez Valderrama, María Luz. _978459 |
|
| 245 | 1 | 3 |
_aLa página de cada día / _cMª Luz Martínez Valderrama ; prólogo de Jose Luis Cano ; dibujos de Domingo Viladomat. |
| 260 |
_aMadrid : _bVassallo de Mumbert, _c1972. |
||
| 300 |
_a266 p. : _bil. ; _c20 cm. |
||
| 490 | 1 | _aBiblioteca literaria "Tomás Borrás" | |
| 700 | 1 |
_aCano, José Luis, _d1912-1999 _934532 |
|
| 700 | 1 |
_aViladomat, Domingo. _9114752 |
|
| 830 | 0 |
_aBiblioteca literaria "Tomás Borrás" _9184558 |
|
| 852 |
_aES-MaACL _jC-45815 |
||
| 999 |
_c100159 _d100159 |
||